000 03266 a2200361 4500
001 OB-igpde-92
003 FrMaCLE
005 20251214082723.0
007 cu ||||||m||||
008 111109e||||||||xx |||||s|||||||||0|fr|d
020 _a978-2-11-128749-5
024 7 _a10.4000/books.igpde.92
_2doi
040 _aFR-FrMaCLE
041 _afra
100 1 _aMeimon, Julien
245 1 4 _aLes réorganisations administratives :
_bBilan et perspectives en France et en Europe /
_cJulien Meimon.
260 _aVincennes :
_bInstitut de la gestion publique et du développement économique,
_c2011.
300 _a184 p.
500 _aEbook
520 _a Comment « naît » l’idée d’une réorganisation administrative et selon quel schéma décisionnel s’impose-t-elle ? Quels en sont les acteurs principaux ? En quels termes, ou sur quel registre (politique, corporatiste, rationaliste, économique, etc.) est-elle défendue ou combattue ? Existe-t-il des contextes historiques ou des configurations favorisant ce type de réforme de l’État ? Nos voisins européens connaissent-ils des expériences similaires en la matière ? La transformation de certains services en agence est-elle un mode privilégié de réorganisation administrative ? Des réformes telles que la loi organique relative aux lois de finances (LOLF) ou la révision générale des politiques publiques (RGPP) amplifient-elles cette dynamique ? À partir d’exemples précis, les contributions réunies dans cet ouvrage font la lumière sur les processus de création, suppression, fusion de ministères ou de directions ainsi que l’externalisation des tâches via la création d’agences. Envisagées sous forme de bilan et perspectives, elles s’appuient sur diverses approches en économie, sociologie, droit, histoire, science politique, et philosophie. On y distingue, dans une optique comparée en France et en Europe, les multiples enjeux d’ordre économique, administratif et politique des réorganisations dans l’administration. Cet ouvrage à destination des décideurs, des chercheurs et des citoyens contribue ainsi à mieux comprendre ce qui caractérise cette dimension particulière de la réforme de l’État. Under the editorship of Julien Meimon What spurs an administrative reorganisation and what decision-making tree is required to implement it? Who are its main players? In which terms or in which vein (political, corporatist, rationalist, economic, etc.) is it defended or opposed? Are there historical situations or configurations conducive to this type of central government reform? Do our European neighbours have any similar experiences? Is the transformation of certain departments into agencies…
540 _aOpenEdition Books License
_uhttps://www.openedition.org/12554
650 4 _aEconomics
650 4 _aPolitical Science Public Admin. & Development
650 4 _aSociology
650 4 _aadministration publique - réforme
650 4 _aAdministrative agencies
650 4 _aReorganization
650 4 _aAdministración pública
650 4 _aReforma
760 0 _x1950-5736
776 _z978-2-11-097508-9
856 4 _eMeimon, Julien
_uhttps://books.openedition.org/igpde/92
_yLes réorganisations administratives
999 _c9485
_d9485